000
00334nam a2200145Ia 4500
003
OSt
005
20240319100531.0
008
170523s9999 xx 000 0 und d
020
_a
978-0070151314
040
_c
IIMT UNIVERSITY
100
_a
Nag- P.K.
245
0
_a
Basic of Applied Thermodynamics
260
_a
TMH
942
_2
ddc
_c
02
999
_c
11563
_d
11563